000 00514nam a22001457a 4500
003 OSt
005 20150905103421.0
008 150905b xxu||||| |||| 00| 0 eng d
040 _cRUA
082 _aAGR ជី 1992 B003 Or.1
100 _912
_aជី​ សុចិន្តា
245 _aបណ្តាសត្ថល្ញិត និងជម្អឺជាមុខសញ្ញា ភូតគាម អនាម័យនៃរដ្ឋកម្ពុជា
300 _a99p.
_bill.
_c29cm.
942 _2ddc
_cAGR
999 _c10
_d10